000
00366nam a2200169Ia 4500
005
20250423100756.0
008
250422s9999 xx 000 0 und d
020
_a
9789789345946
050
_a
KP 104 .S5/
100
_a
Smith, I. O
245
0
_a
Real property Law
260
_a
Lagos
260
_b
Ecowatch
260
_c
2013
300
_a
864 p
942
_c
BK
999
_c
34304
_d
34304